书目信息 |
| 题名: |
软件设计师考试辅导
|
|
| 作者: | 谢树煜 主编 | |
| 分册: | ||
| 出版信息: | 北京 清华大学出版社 2005.8 |
|
| 页数: | XIV,649页 | |
| 开本: | 23cm | |
| 丛书名: | ||
| 单 册: | ||
| 中图分类: | TP311.5-42 | |
| 科图分类: | ||
| 主题词: | 软件设计--ruan jian she ji--考核--自学参考资料 | |
| 电子资源: | ||
| ISBN: | 7-302-10936-2 | |
| 000 | 01197nam0 2200301 450 | |
| 000 | 01217nam0 2200301 450 | |
| 000 | 01180nam0 2200289 450 | |
| 000 | 01137nam0 2200277 450 | |
| 000 | 01126nam0 2200277 450 | |
| 000 | 01089nam0 2200265 45 | |
| 001 | 012005000000 | |
| 005 | 20051008101010.0 | |
| 010 | @a7-302-10936-2@dCNY56.00 | |
| 100 | @a20051008e2005 em y0chiy0121 ea | |
| 101 | 0 | @achi |
| 102 | @aCN@b110000 | |
| 105 | @ay zq 000yy | |
| 200 | 1 | @a软件设计师考试辅导@Aruan jian she ji shi kao shi fu dao@f谢树煜主编 |
| 210 | @a北京@c清华大学出版社@d2005.8@h2005.10重印 | |
| 215 | @aXIV,649页@d23cm | |
| 300 | @a全国计算机技术与软件专业技术资格(水平)考试辅导用书 | |
| 304 | @a全国计算机技术与软件专业技术资格(水平)考试办公室组编 | |
| 330 | @a本书共分12章,每章都由内容提要、例题分析、思考练习题组成,内容提要是对有关章节知识的提练,给出考试要点和学习难点,例题分析是全书重点,着重解析考试大纲要求的基本知识及其综合应用方法,思考练习题供读者检验自己有关内容掌握的程度。 | |
| 606 | 0 | @a软件设计@Aruan jian she ji@x考核@j自学参考资料 |
| 690 | @aTP311.5-42@v4 | |
| 701 | 0 | @a谢树煜@Axie shu yu@4主编 |
| 801 | 0 | @aCN@bSRXX@c20051008 |
| 905 | @a10447@dTP311.5-42@eX460 | |
| 软件设计师考试辅导/谢树煜主编.-北京:清华大学出版社,2005.8(2005.10重印) |
| XIV,649页;23cm |
| 全国计算机技术与软件专业技术资格(水平)考试辅导用书 |
| ISBN 7-302-10936-2:CNY56.00 |
| 本书共分12章,每章都由内容提要、例题分析、思考练习题组成,内容提要是对有关章节知识的提练,给出考试要点和学习难点,例题分析是全书重点,着重解析考试大纲要求的基本知识及其综合应用方法,思考练习题供读者检验自己有关内容掌握的程度。 |
| ● |
| 相关链接 |
|
|
|
正题名:软件设计师考试辅导
索取号:TP311.5-42/X460
 
预约/预借
| 序号 | 登录号 | 条形码 | 馆藏地/架位号 | 状态 | 备注 |
| 1 | 547803 | 205478035 | 自科二线504/504自科库 31排3列5层/ [索取号:TP311.5-42/X460] | 在馆 | |
| 2 | 547804 | 205478044 | 期刊室512/301自科库 42排6列5层/ [索取号:TP311.5-42/X460] | 在馆 | |
| 3 | 547805 | 205478053 | 自科库301/301自科库 47排4列2层/ [索取号:TP311.5-42/X460] | 在馆 |